Az óvodás korosztály számára készült hazai fonológiai tudatosságos tesztek feladattípusai, azok mérési eredményeinek metaanalízise, a fonológiai tudatosság kialakítása

Elmentve itt :
Bibliográfiai részletek
Szerző: Juhász Valéria
Dokumentumtípus: Cikk
Megjelent: 2025
Sorozat:ANYANYELVI KULTÚRAKÖZVETÍTÉS 8 No. 1
Tárgyszavak:
doi:10.33569/akk.6818

mtmt:36309857
Online Access:http://publicatio.bibl.u-szeged.hu/37608
LEADER 00808nab a2200205 i 4500
001 publ37608
005 20250903082446.0
008 250903s2025 hu o 000 hun d
022 |a 2063-2991 
024 7 |a 10.33569/akk.6818  |2 doi 
024 7 |a 36309857  |2 mtmt 
040 |a SZTE Publicatio Repozitórium  |b hun 
041 |a hun 
100 1 |a Juhász Valéria 
245 1 3 |a Az óvodás korosztály számára készült hazai fonológiai tudatosságos tesztek feladattípusai, azok mérési eredményeinek metaanalízise, a fonológiai tudatosság kialakítása  |h [elektronikus dokumentum] /  |c  Juhász Valéria 
260 |c 2025 
300 |a 4-23 
490 0 |a ANYANYELVI KULTÚRAKÖZVETÍTÉS  |v 8 No. 1 
650 4 |a Oktatástudomány 
856 4 0 |u http://publicatio.bibl.u-szeged.hu/37608/1/JV2025II.pdf  |z Dokumentum-elérés